[Event "1. liga V 24/25, Dobra-Orlova"]
[Site ""]
[Date "2025.02.02"]
[Round "7.1"]
[White "Hrbek, Stepan"]
[Black "Zylka, Stanislaw"]
[Result "1/2-1/2"]
[WhiteFideId "393479"]
[BlackFideId "1189654"]
[WhiteElo "2410"]
[BlackElo "2346"]
[PlyCount "0"]
[WhiteTeam "Sokol Dobra"]
[BlackTeam "SK Slavia Orlova"]
[EventDate "2024.10.20"]

1. Nf3 d5 2. b3 Nf6 3. Bb2 e6 4. e3 Nbd7 5. d4 Ne4 6. Bd3
f5 7. O-O Bd6 8. c4 c6 9. Ne5 O-O 10. f4 Nxe5 11. fxe5 Be7 12. Nd2 Bd7 13. a4
Bb4 14. Nf3 Be8 15. Ba3 Bxa3 16. Rxa3 a5 17. Ra1 Bh5 18. Qe1 Qe7 19. c5 Rfb8
20. Rc1 h6 21. h3 Bxf3 22. gxf3 Ng5 23. h4 Nh7 24. e4 fxe4 25. fxe4 Rf8 26.
exd5 Rxf1+ 27. Bxf1 cxd5 28. Qg3 Nf8 29. Bd3 Rc8 30. Kh2 Rc7 31. Be2 b6 32. c6
Qa3 33. Qe3 Ng6 34. Rg1 Nxh4 35. Qxh6 Qe7 36. Bd3 Nf3+ 37. Kh1 Qh4+ 38. Qxh4
Nxh4 39. Rg4 Nf3 40. Bb5 Ne1 41. Rg3 Nc2 42. Rd3 Nb4 43. Rc3 Kf7 44. Kg2 Kg6
45. Kf3 Kf5 46. Rc1 g5 47. Ke3 g4 48. Rf1+ Kg5 49. Rf6 Nc2+ 50. Kd3 Nb4+ 51.
Ke3 Nc2+ 52. Kd3 Nb4+ 1/2-1/2

[Event "1. liga V 24/25, Dobra-Orlova"]
[Site ""]
[Date "2025.02.02"]
[Round "7.2"]
[White "Tomaszewski, Kacper"]
[Black "Straka, Jozef"]
[Result "1/2-1/2"]
[WhiteFideId "1127373"]
[BlackFideId "14910560"]
[WhiteElo "2348"]
[BlackElo "2260"]
[PlyCount "0"]
[WhiteTeam "SK Slavia Orlova"]
[BlackTeam "Sokol Dobra"]
[EventDate "2024.10.20"]

1. c4 e6 2. Nc3 d5 3. d4 Nf6 4. Bg5 Be7 5. e3 O-O 6. Nf3
Nbd7 7. Qc2 c6 8. Rd1 Re8 9. a3 b6 10. cxd5 exd5 11. Bd3 Bb7 12. O-O Nf8 13.
Ne5 N6d7 14. Nxd7 Qxd7 15. Bf4 Bd6 16. Bg3 Bxg3 17. hxg3 Qd6 18. Rd2 Re6 19.
Re1 Rh6 20. e4 dxe4 21. Bxe4 Rd8 22. d5 Rh5 23. Bf3 Re5 24. Rxe5 Qxe5 25. Re2
Qf6 26. dxc6 Bxc6 27. Bxc6 Qxc6 28. Qe4 Qxe4 29. Rxe4 Ne6 30. Kf1 Kf8 31. Ke2
Nc5 32. Re5 Nd3 33. Rb5 Nc5 34. b4 Ne6 35. Rd5 Rc8 36. Kd3 Ke7 37. Nb5 a6 38.
Nc3 b5 39. a4 bxa4 40. Nxa4 Rc6 41. Nc5 g6 42. Rd7+ Ke8 43. Rd5 1/2-1/2

[Event "1. liga V 24/25, Dobra-Orlova"]
[Site ""]
[Date "2025.02.02"]
[Round "7.3"]
[White "Berezjuk, Sergej"]
[Black "Sramek, Vojtech"]
[Result "1/2-1/2"]
[WhiteFideId "312614"]
[BlackFideId "358681"]
[WhiteElo "2352"]
[BlackElo "2233"]
[PlyCount "0"]
[WhiteTeam "Sokol Dobra"]
[BlackTeam "SK Slavia Orlova"]
[EventDate "2024.10.20"]

1. e4 c5 2. g3 Nc6 3. Bg2 g6 4. Ne2 Bg7 5. O-O d6 6. c3 e5
7. d3 Nge7 8. a3 a5 9. a4 O-O 10. Na3 Be6 11. Be3 b6 12. d4 cxd4 13. cxd4 d5
14. dxe5 Bxe5 15. Nf4 d4 16. Nxe6 fxe6 17. Bh6 Bg7 18. Bxg7 Kxg7 19. Qb3 e5 20.
f4 Qd6 21. Nb5 Qd7 22. Rad1 Kh8 23. fxe5 Rxf1+ 24. Bxf1 Nxe5 25. Nxd4 Qg4 26.
Bg2 Rd8 27. Rd2 Qg5 28. Qc3 Rc8 29. Ne6 Qf6 30. Qxc8+ Nxc8 31. Rd8+ Qxd8 32.
Nxd8 Nd6 33. Ne6 Ndc4 34. b3 Nd2 35. Nd4 Nd3 36. e5 Kg7 37. h3 Nxe5 38. Kf2 Nb1
39. Nb5 Nd2 40. Bd5 Nd7 41. Ke2 Nf6 42. Nc7 Nxd5 43. Nxd5 Nxb3 44. Nxb6 h5 45.
Kd3 h4 46. gxh4 Nc5+ 47. Kd4 Nxa4 48. Nxa4 Kh6 49. Ke3 Kh5 50. Kf3 Kxh4 51. Kg2
g5 52. Nc5 g4 53. hxg4 Kxg4 1/2-1/2

[Event "1. liga V 24/25, Dobra-Orlova"]
[Site ""]
[Date "2025.02.02"]
[Round "7.4"]
[White "Radzimski, Antoni"]
[Black "Kula, Dominik"]
[Result "1/2-1/2"]
[WhiteFideId "21052476"]
[BlackFideId "344338"]
[WhiteElo "2199"]
[BlackElo "2178"]
[PlyCount "0"]
[WhiteTeam "SK Slavia Orlova"]
[BlackTeam "Sokol Dobra"]
[EventDate "2024.10.20"]

1. d4 Nf6 2. c4 e6 3. Nc3 Bb4 4. e3 O-O 5. Bd3 d5 6. a3
Bxc3+ 7. bxc3 c5 8. Ne2 b6 9. O-O Ba6 10. cxd5 exd5 11. f3 Re8 12. Ng3 Bxd3 13.
Qxd3 Nc6 14. Ra2 Qd7 15. Re2 Rad8 16. Bb2 h5 17. Rfe1 Re6 18. Ba1 g6 19. Nh1
Qe7 20. Bb2 Rd7 21. Nf2 Qd8 22. Qc2 Rc7 23. Qd1 cxd4 24. cxd4 Na5 25. e4 Nc4
26. Bc1 Ne8 27. exd5 Qxd5 28. Rxe6 fxe6 29. Qd3 Kg7 30. Nh3 e5 31. f4 Rd7 32.
fxe5 Qxd4+ 33. Qxd4 Rxd4 34. Ng5 Rd5 35. e6 Kf6 36. h4 b5 37. Kh2 a5 38. Nh7+
Kg7 39. Ng5 Kf6 40. Nh7+ 1/2-1/2

[Event "1. liga V 24/25, Dobra-Orlova"]
[Site ""]
[Date "2025.02.02"]
[Round "7.5"]
[White "Fizer, Marek"]
[Black "Kostka, Vit"]
[Result "1/2-1/2"]
[WhiteFideId "391980"]
[BlackFideId "349232"]
[WhiteElo "2158"]
[BlackElo "2210"]
[PlyCount "0"]
[WhiteTeam "Sokol Dobra"]
[BlackTeam "SK Slavia Orlova"]
[EventDate "2024.10.20"]

1. e4 c5 2. Nf3 e6 3. d4 cxd4 4. Nxd4 Nf6 5. Nc3 Nc6 6.
Ndb5 Bb4 7. a3 Bxc3+ 8. Nxc3 d5 9. exd5 exd5 10. Bd3 O-O 11. O-O Bg4 12. f3 Bh5
13. Bg5 Qb6+ 14. Kh1 Ne4 15. Nxe4 dxe4 16. Bxe4 Qxb2 17. Qd3 h6 18. Rab1 Qe5
19. Rb5 Qe6 20. Bh4 Bg6 21. Bxg6 Qxg6 22. Rxb7 Qxd3 23. cxd3 g5 24. Bg3 Rfd8
25. f4 g4 26. Rc7 Nd4 27. f5 Ne2 28. Re1 Nxg3+ 29. hxg3 Rxd3 30. a4 a5 31. f6
Rd6 32. Re4 h5 33. Rc5 Rxf6 34. Rxh5 Rg6 35. Ree5 Rb8 36. Rxa5 Rb1+ 37. Kh2 Ra1
38. Rag5 Rxa4 39. Rxg6+ fxg6 1/2-1/2

[Event "1. liga V 24/25, Dobra-Orlova"]
[Site ""]
[Date "2025.02.02"]
[Round "7.6"]
[White "Lojek, Marek"]
[Black "Kratochvil, Josef"]
[Result "1/2-1/2"]
[WhiteFideId "358649"]
[BlackFideId "328626"]
[WhiteElo "2119"]
[BlackElo "2230"]
[PlyCount "0"]
[WhiteTeam "SK Slavia Orlova"]
[BlackTeam "Sokol Dobra"]
[EventDate "2024.10.20"]

1. e4 c5 2. Nf3 e6 3. g3 d5 4. exd5 exd5 5. d4 Nf6 6. Bg2
Be7 7. O-O c4 8. Ne5 Nc6 9. b3 cxb3 10. axb3 O-O 11. c4 Be6 12. Nc3 Bb4 13. Na2
Bd6 14. Nxc6 bxc6 15. c5 Bc7 16. Nb4 Qd7 17. Ra6 Rfe8 18. Bd2 Bf5 19. Re1 Ne4
20. Be3 Re6 21. Qa1 Rb8 22. Rxa7 Rxb4 23. Bf4 Rxb3 24. Bxc7 Re8 25. f3 Nf6 26.
Be5 Rb7 27. Ra8 Be6 28. f4 Rxa8 29. Qxa8+ Ne8 30. f5 Bxf5 31. Bc7 Be6 32. Qxb7
Qxc7 33. Qa8 Kf8 34. Rb1 Bc8 35. Kf2 Qd7 36. Bf3 Qf5 37. Re1 Bd7 38. Qb7 h5 39.
Re5 Qc2+ 40. Re2 Qf5 41. Kg2 g6 42. Qb8 Qf6 43. Re5 h4 44. Kf2 g5 45. Ke3 Qh6
46. Kd3 g4 47. Be2 Qc1 48. Rxe8+ Bxe8 49. Qd6+ Kg8 50. Qe7 Qc4+ 51. Kd2 Qxd4+
52. Bd3 Qb2+ 53. Ke3 Qc1+ 54. Kd4 Qb2+ 55. Ke3 Qb8 56. Qg5+ Kf8 57. Qh6+ Ke7
58. Qxh4+ f6 59. Qxg4 Qe5+ 60. Kf2 Bh5 61. Qg7+ Kd8 62. Qf8+ Kc7 63. Qg7+ Kd8
64. Qf8+ 1/2-1/2

[Event "1. liga V 24/25, Dobra-Orlova"]
[Site ""]
[Date "2025.02.02"]
[Round "7.7"]
[White "Slanina, Miroslav"]
[Black "Zabystrzan, Pavel"]
[Result "1/2-1/2"]
[WhiteFideId "304867"]
[BlackFideId "301337"]
[WhiteElo "2150"]
[BlackElo "2105"]
[PlyCount "0"]
[WhiteTeam "Sokol Dobra"]
[BlackTeam "SK Slavia Orlova"]
[EventDate "2024.10.20"]

1. d4 Nf6 2. Nf3 d5 3. Bf4 c5 4. c3 cxd4 5. cxd4 Nc6 6. Nc3
a6 7. e3 Bg4 8. Be2 Bxf3 9. Bxf3 e6 10. O-O Bd6 11. Bxd6 Qxd6 12. Na4 O-O
1/2-1/2

[Event "1. liga V 24/25, Dobra-Orlova"]
[Site ""]
[Date "2025.02.02"]
[Round "7.8"]
[White "Horvath, Tomas"]
[Black "Filip, Tomas"]
[Result "1/2-1/2"]
[WhiteFideId "358630"]
[BlackFideId "358037"]
[WhiteElo "2053"]
[BlackElo "1999"]
[PlyCount "0"]
[WhiteTeam "SK Slavia Orlova"]
[BlackTeam "Sokol Dobra"]
[EventDate "2024.10.20"]

1. e4 c5 2. Nf3 d6 3. Bb5+ Bd7 4. Bxd7+ Qxd7 5. c4 Nc6 6.
d4 cxd4 7. Nxd4 g6 8. O-O Bg7 9. Be3 Nf6 10. f3 O-O 11. Nc3 Qd8 12. Qd2 Nd7 13.
Rfd1 Rc8 14. b3 Re8 15. Rac1 Qa5 16. Nde2 Nde5 17. Nd5 Qxd2 18. Rxd2 b6 19. h3
Nd7 20. Rdc2 Nc5 21. Rd1 Kf8 22. Nd4 Nxd4 23. Bxd4 Bxd4+ 24. Rxd4 Red8 25. b4
Nb7 26. Kf2 e6 27. Ne3 Ke7 28. g4 h6 29. Rd1 Rc7 30. h4 Rdc8 31. Rcd2 a6 32. a4
a5 33. Rb2 Ra8 34. bxa5 Rxa5 35. Rxb6 Rxa4 36. f4 Ra2+ 37. Kf3 Rh2 38. Kg3 Re2
1/2-1/2

[Event "1. liga V 24/25, BSS-Poruba"]
[Site ""]
[Date "2025.02.02"]
[Round "7.1"]
[White "Stalmach, Richard"]
[Black "Niedbala, Bartlomiej"]
[Result "0-1"]
[WhiteFideId "372048"]
[BlackFideId "21834008"]
[WhiteElo "2449"]
[BlackElo "2384"]
[PlyCount "0"]
[WhiteTeam "BSS Frydek-Mistek B"]
[BlackTeam "SK Slavoj Poruba B"]
[EventDate "2024.10.20"]

1. d4 Nf6 2. c4 e6 3. Nf3 d5 4. Nc3 h6 5. Bf4 Bd6 6. Bxd6 Qxd6 7. e3 O-O 8.
Be2 dxc4 9. Bxc4 c5 10. O-O cxd4 11. Nxd4 Nc6 12. Ncb5 Qc5 13. Rc1 Nxd4 14.
Nxd4 Qb6 15. Qb3 Qxb3 16. Bxb3 Bd7 17. Rc7 Rab8 18. Rfc1 Rfd8 19. Nf3 Rbc8 20.
h3 Ne8 21. Rxc8 Rxc8 22. Rd1 Nf6 23. Ne5 Be8 24. Nc4 Bc6 25. Rd4 Bd5 26. f3
Bxc4 27. Rxc4 Rxc4 28. Bxc4 Kf8 29. Kf2 Ke7 30. Ke2 Kd6 31. f4 Ne4 32. Kd3
Nc5+ 33. Kc3 Na4+ 34. Kc2 Nc5 35. b4 Nd7 36. Be2 Nb6 37. Kd3 Nd5 38. a3 b6 39.
Bf3 f6 40. g3 Nc7 41. Bb7 Nb5 42. a4 Nc7 43. Ke4 Ke7 44. h4 Ne8 45. Kd4 Kd6
46. Ba6 Nc7 47. Bc4 Ke7 48. e4 Kd6 49. Ke3 a5 50. bxa5 bxa5 51. Kf3 Kc5 52.
Bb3 Kd4 53. Bc2 Ne8 54. f5 e5 55. Kg4 Nd6 56. Kh5 Nxe4 57. Kg6 Nxg3 58. Kxg7
e4 59. Kxf6 e3 60. Bd1 Ke4 61. Kg6 Nxf5 62. h5 Ke5 63. Bg4 Kf4 64. Bd1 Ke4 65.
Bg4 Ke5 66. Bd1 Kf4 67. Be2 Ke5 68. Ba6 Nd4 69. Kxh6 Kf6 70. Kh7 Kg5 71. h6
Nf5 72. Kg8 Nxh6+ 73. Kg7 Ng4 74. Kf7 Kf5 75. Ke7 Ke5 76. Kd7 Kd5 77. Kc7 Kc5
78. Kd7 Ne5+ 0-1

[Event "1. liga V 24/25, BSS-Poruba"]
[Site ""]
[Date "2025.02.02"]
[Round "7.2"]
[White "Rasik, Vitezslav"]
[Black "Piesik, Piotr"]
[Result "1/2-1/2"]
[WhiteFideId "300306"]
[BlackFideId "1136194"]
[WhiteElo "2419"]
[BlackElo "2422"]
[PlyCount "0"]
[WhiteTeam "SK Slavoj Poruba B"]
[BlackTeam "BSS Frydek-Mistek B"]
[EventDate "2024.10.20"]

1. e4 c6 2. c4 d5 3. cxd5 cxd5 4. exd5 Nf6 5. Bb5+ Nbd7 6. Nc3 a6 7. Be2 b5 8.
Nf3 b4 9. Na4 Bb7 10. d4 Bxd5 11. O-O e6 12. Bf4 Be7 13. Rc1 Ra7 14. Ne5 Qa8
15. f3 O-O 16. b3 1/2-1/2

[Event "1. liga V 24/25, BSS-Poruba"]
[Site ""]
[Date "2025.02.02"]
[Round "7.3"]
[White "Gnojek, Petr"]
[Black "Walter, Szymon"]
[Result "1/2-1/2"]
[WhiteFideId "371807"]
[BlackFideId "1172590"]
[WhiteElo "2430"]
[BlackElo "2323"]
[PlyCount "0"]
[WhiteTeam "BSS Frydek-Mistek B"]
[BlackTeam "SK Slavoj Poruba B"]
[EventDate "2024.10.20"]

1. d4 Nf6 2. c4 e6 3. Nf3 d5 4. Nc3 h6 5. Qc2 Nc6 6. e3 Bd6 7. c5 Be7 8. Bb5
O-O 9. O-O Bd7 10. a3 Be8 11. Rd1 a5 12. Rb1 Nd7 13. e4 dxe4 14. Nxe4 Nf6 15.
Nxf6+ Bxf6 16. Qe4 Qd5 17. Bd3 Qxe4 18. Bxe4 g5 19. Be3 Bg7 20. d5 exd5 21.
Rxd5 Ne7 22. Rd2 Bc6 23. Bxc6 Nxc6 24. Rd7 Rac8 25. b4 axb4 26. axb4 Rfd8 27.
Rxd8+ Rxd8 28. g4 f5 29. gxf5 Ne7 30. h4 Nxf5 31. hxg5 Nxe3 32. fxe3 hxg5 33.
Kf2 g4 34. Ng5 Bh6 35. Ne6 Rd3 36. Nxc7 Rxe3 37. Nd5 Rf3+ 38. Ke2 Kf7 39. Rg1
Rf5 40. Rf1 Rxf1 41. Kxf1 Ke6 42. Nb6 Bd2 43. b5 Be3 44. Na4 Kd5 45. c6 bxc6
46. bxc6 Kxc6 1/2-1/2

[Event "1. liga V 24/25, BSS-Poruba"]
[Site ""]
[Date "2025.02.02"]
[Round "7.4"]
[White "Malik, Jan"]
[Black "Rabatin, Jakub"]
[Result "0-1"]
[WhiteFideId "317500"]
[BlackFideId "329517"]
[WhiteElo "2243"]
[BlackElo "2293"]
[PlyCount "0"]
[WhiteTeam "SK Slavoj Poruba B"]
[BlackTeam "BSS Frydek-Mistek B"]
[EventDate "2024.10.20"]

1. e4 c5 2. Nf3 d6 3. d4 cxd4 4. Nxd4 Nf6 5. Nc3 a6 6. Bc4 e6 7. Bb3 b5 8. O-O
Be7 9. Qf3 Qb6 10. Be3 Qb7 11. Qg3 O-O 12. Bh6 Ne8 13. Rfe1 Nc6 14. Nxc6 Qxc6
15. Rad1 Bb7 16. a3 Rd8 17. Re3 Qc5 18. Rf3 Qh5 19. Be3 Nf6 20. Bd4 e5 21. Bb6
Rc8 22. Re1 Rxc3 23. Rxc3 Nxe4 24. Qh3 Qxh3 25. Rxh3 g6 26. Rd3 Kg7 27. f3 Nf6
28. Bc7 e4 29. fxe4 Nxe4 30. Ba5 f5 31. Bc3+ Bf6 32. Bxf6+ Kxf6 33. Bd5 Bxd5
34. Rxd5 Ke6 35. Rd4 Rc8 36. c3 Rb8 37. Kf1 a5 38. Ke2 d5 39. Kd3 Kd6 40. Kc2
a4 41. Red1 Nf6 42. Kd2 Kc5 43. Ke3 Re8+ 44. Kf4 Re2 45. R4d2 Re6 46. Kf3 Kd6
47. h3 g5 48. Rd4 Kc6 49. h4 h6 50. hxg5 hxg5 51. Rh1 Ng4 52. g3 Re3+ 53. Kg2
Re2+ 54. Kf1 Rxb2 55. Rh8 Ne3+ 56. Kg1 Rg2+ 57. Kh1 Rxg3 58. Rd2 Rf3 59. Rb2
g4 60. c4 bxc4 61. Rh6+ 0-1

[Event "1. liga V 24/25, BSS-Poruba"]
[Site ""]
[Date "2025.02.02"]
[Round "7.5"]
[White "Paseka, Matyas"]
[Black "Neumann, Filip"]
[Result "1-0"]
[WhiteFideId "23703296"]
[BlackFideId "375640"]
[WhiteElo "2305"]
[BlackElo "2153"]
[PlyCount "0"]
[WhiteTeam "BSS Frydek-Mistek B"]
[BlackTeam "SK Slavoj Poruba B"]
[EventDate "2024.10.20"]

1. e4 c5 2. Nf3 Nc6 3. d4 cxd4 4. Nxd4 Nf6 5. Nc3 e5 6. Ndb5 d6 7. Bg5 a6 8.
Na3 b5 9. Nd5 Be7 10. Bxf6 Bxf6 11. c3 Bg5 12. Nc2 O-O 13. a4 bxa4 14. Rxa4 a5
15. Bc4 Bd7 16. Ra3 Ne7 17. Nxe7+ Qxe7 18. Bd5 Rab8 19. Qa1 a4 20. Nb4 Rfc8
21. O-O Qf6 22. Rxa4 Bxa4 23. Qxa4 Qf4 24. Nd3 Qd2 25. Qd1 Rc7 26. Qxd2 Bxd2
27. Ra1 g6 28. Kf1 Rb6 29. Ke2 Bg5 30. Ra3 Kg7 31. b4 f5 32. f3 h5 33. c4 Kf6
34. b5 h4 35. h3 Bf4 36. Nb4 Kg5 37. Bc6 Bh2 38. Ra1 Rc8 39. Rd1 Rd8 40. Nd5
Rbb8 41. Nc7 Kf6 42. Na6 Rbc8 43. Bd5 Bf4 44. b6 Rb8 45. b7 Ke7 46. Bc6 fxe4
47. fxe4 Rf8 48. Ra1 Rbd8 49. Rb1 Rb8 50. Rd1 Ke6 51. Nxb8 Rxb8 52. Ra1 1-0

[Event "1. liga V 24/25, BSS-Poruba"]
[Site ""]
[Date "2025.02.02"]
[Round "7.6"]
[White "Caletka, Radomir"]
[Black "Nytra, Ondrej"]
[Result "1-0"]
[WhiteFideId "321133"]
[BlackFideId "371955"]
[WhiteElo "2168"]
[BlackElo "2239"]
[PlyCount "0"]
[WhiteTeam "SK Slavoj Poruba B"]
[BlackTeam "BSS Frydek-Mistek B"]
[EventDate "2024.10.20"]

1. e4 e5 2. Nf3 Nc6 3. Bc4 Nf6 4. d3 Be7 5. O-O O-O 6. Re1 d6 7. a4 Be6 8. Nc3
Bxc4 9. dxc4 Nd7 10. a5 a6 11. Nd5 f5 12. exf5 Rxf5 13. Qd3 g6 14. Be3 Kh8 15.
Nd2 Nf8 16. b4 Ne6 17. c3 Bg5 18. Ne4 Bxe3 19. Qxe3 Nf4 20. Rad1 Nxd5 21. Rxd5
Qg8 22. Qe2 Raf8 23. Red1 Rf4 24. R5d2 Ne7 25. b5 axb5 26. cxb5 Qb3 27. Qd3
Qa4 28. Ng5 R8f5 29. Ne6 Rc4 30. b6 d5 31. a6 Qxa6 32. Nxc7 e4 33. Qe2 Qa4 34.
Nxd5 Nxd5 35. Rxd5 Rxd5 36. Rxd5 Rxc3 37. Rd8+ Kg7 38. h3 Rc1+ 39. Kh2 Rc5 40.
Qb2+ Kh6 41. Qd2+ e3 42. Qxe3+ Rg5 43. Rd5 Qh4 44. g3 1-0

[Event "1. liga V 24/25, BSS-Poruba"]
[Site ""]
[Date "2025.02.02"]
[Round "7.7"]
[White "Holeksa, Zdenek"]
[Black "Adamek, Jiri"]
[Result "1-0"]
[WhiteFideId "316261"]
[BlackFideId "315702"]
[WhiteElo "2250"]
[BlackElo "2255"]
[PlyCount "0"]
[WhiteTeam "BSS Frydek-Mistek B"]
[BlackTeam "SK Slavoj Poruba B"]
[EventDate "2024.10.20"]

1. e4 e6 2. d4 d5 3. Nd2 a6 4. Bd3 c5 5. c3 Nc6 6. Ngf3 Nf6 7. O-O Be7 8. dxc5
Bxc5 9. exd5 Qxd5 10. Qe2 O-O 11. b4 Ba7 12. Ne4 Nxe4 13. Bxe4 Qh5 14. a4 a5
15. Qb5 e5 16. bxa5 Bf5 17. Bxf5 Qxf5 18. a6 Rab8 19. axb7 Nd8 20. Qxe5 Qxe5
21. Nxe5 Rxb7 22. Ba3 Re8 23. Nd3 Ne6 24. Bb4 Rc8 25. Rfd1 f6 26. g3 Kf7 27.
Kg2 Rc6 28. Rd2 Bb8 29. Re1 Ra7 30. f4 g6 31. a5 Bc7 32. Nf2 Bb8 33. Red1 Rca6
34. Ne4 1-0

[Event "1. liga V 24/25, BSS-Poruba"]
[Site ""]
[Date "2025.02.02"]
[Round "7.8"]
[White "Krajina, Ales"]
[Black "Stepan, Patrik"]
[Result "1/2-1/2"]
[WhiteFideId "302112"]
[BlackFideId "358444"]
[WhiteElo "2138"]
[BlackElo "2209"]
[PlyCount "0"]
[WhiteTeam "SK Slavoj Poruba B"]
[BlackTeam "BSS Frydek-Mistek B"]
[EventDate "2024.10.20"]

1. d4 Nf6 2. Nf3 e6 3. Bg5 c5 4. c3 Qb6 5. Qb3 d5 6. e3 Nc6 7. Nbd2 Bd7 8. Be2
Be7 9. O-O Qxb3 10. axb3 cxd4 11. exd4 a6 12. Rfe1 h6 13. Bf4 O-O 14. h3 Rfc8
15. Bd3 Kf8 16. Ne5 Nxe5 17. Bxe5 Bc6 18. b4 Nd7 19. Bh2 Nb6 20. Nb3 Nc4 21.
Bxc4 dxc4 22. Nd2 Bd5 23. Ne4 b6 24. f3 f5 25. Nd2 g5 26. Be5 Kf7 27. Kf2 Ra7
28. Ra2 Rca8 29. Rea1 Ke8 30. b5 a5 31. Ra4 Rc8 32. f4 Bd8 33. Nf1 Rd7 34. Ne3
Kf7 1/2-1/2

[Event "1. liga V 24/25, Chotebor-Poruba"]
[Site ""]
[Date "2025.02.16"]
[Round "8.1"]
[White "Riha, Vojtech"]
[Black "Barski, Radoslaw"]
[Result "1/2-1/2"]
[WhiteFideId "377430"]
[BlackFideId "1131710"]
[WhiteElo "2288"]
[BlackElo "2385"]
[PlyCount "0"]
[WhiteTeam "TJ CHS Chotebor"]
[BlackTeam "SK Slavoj Poruba B"]
[EventDate "2024.10.20"]

1. e4 c5 2. Nf3 Nc6 3. Bb5 Nf6 4. Bxc6 dxc6 5. Nc3 Bg4 6. d3 Nd7 7. h3 Bh5 8.
Be3 e5 9. Qe2 f6 10. g4 Bf7 11. Nd2 Bd6 12. Qf1 Nf8 13. f4 Ne6 14. fxe5 Bxe5
15. Nf3 Bg3+ 16. Bf2 Bf4 17. Qg1 Qa5 18. Be3 O-O-O 19. Bxf4 Nxf4 20. Qh2 g5
21. h4 h6 22. hxg5 fxg5 23. a3 Be6 24. Rg1 c4 25. d4 h5 26. gxh5 Rxh5 27. Qd2
Nh3 28. Rf1 g4 29. Ng1 g3 30. O-O-O Bg4 31. Rde1 Qg5 32. Nxh3 Bxh3 33. Rg1
Qxd2+ 34. Kxd2 Rxd4+ 35. Ke3 Rd8 36. Rxg3 Bd7 37. Re2 Re8 38. Rg7 Be6 39. Rf2
Rh3+ 40. Rf3 Rh2 41. Rf2 Rh3+ 42. Rf3 Rh2 43. Rf2 1/2-1/2

[Event "1. liga V 24/25, Chotebor-Poruba"]
[Site ""]
[Date "2025.02.16"]
[Round "8.2"]
[White "Velicka, Petr"]
[Black "Brozka, Karel"]
[Result "1-0"]
[WhiteFideId "300659"]
[BlackFideId "398705"]
[WhiteElo "2334"]
[BlackElo "2277"]
[PlyCount "0"]
[WhiteTeam "SK Slavoj Poruba B"]
[BlackTeam "TJ CHS Chotebor"]
[EventDate "2024.10.20"]

1. e4 c6 2. d4 d5 3. Nc3 dxe4 4. Nxe4 Bf5 5. Ng3 Bg6 6. h4 h6 7. Nf3 Nd7 8. h5
Bh7 9. Bd3 Bxd3 10. Qxd3 e6 11. Bd2 Ngf6 12. O-O-O Be7 13. Kb1 b5 14. Ne4 Qb6
15. Nxf6+ Nxf6 16. Ne5 Nd5 17. f4 Bf6 18. f5 exf5 19. Rhe1 O-O 20. Nd7 Qxd4
21. Qxd4 Bxd4 22. Nxf8 Rxf8 23. Bb4 Nxb4 24. Rxd4 Nd5 25. c4 bxc4 26. Rxc4 Nf6
27. Re5 Ng4 28. Re7 g5 29. hxg6 fxg6 30. Rxc6 g5 31. Rxa7 f4 32. a4 Nf6 33.
Rac7 g4 34. Rc8 Rxc8 35. Rxc8+ Kg7 36. a5 Ne4 37. a6 f3 38. gxf3 Nd2+ 39. Kc2
Nxf3 40. a7 1-0

[Event "1. liga V 24/25, Chotebor-Poruba"]
[Site ""]
[Date "2025.02.16"]
[Round "8.3"]
[White "Vesely, Vitek"]
[Black "Malik, Jan"]
[Result "0-1"]
[WhiteFideId "348880"]
[BlackFideId "317500"]
[WhiteElo "2180"]
[BlackElo "2243"]
[PlyCount "0"]
[WhiteTeam "TJ CHS Chotebor"]
[BlackTeam "SK Slavoj Poruba B"]
[EventDate "2024.10.20"]

1. d4 d5 2. c4 c6 3. Nf3 Nf6 4. e3 e6 5. b3 Nbd7 6. Bd3 Bd6 7. Bb2 O-O 8. O-O
Qe7 9. Ne5 c5 10. Qc2 b6 11. Nd2 cxd4 12. exd4 Bb7 13. Rfe1 Rac8 14. f4 Rfd8
15. h3 h6 16. f5 Nxe5 17. dxe5 Bc5+ 18. Kh1 Ng4 19. f6 Nf2+ 20. Kh2 gxf6 21.
exf6 Qc7+ 22. Be5 Bd6 23. Bxd6 Qxd6+ 24. g3 dxc4 25. Bh7+ Kh8 26. Nxc4 Qd4 27.
a4 Bd5 28. Rac1 Bxc4 29. bxc4 Qd2 30. Re2 Qxc2 31. Bxc2 Nd3 32. Bxd3 Rxd3 33.
a5 Kh7 34. axb6 axb6 35. Rb1 Rd6 36. Reb2 Rxc4 37. Rxb6 Rd2+ 38. Kg1 Rcc2 39.
R6b3 Rg2+ 40. Kf1 Rh2 41. Kg1 Rxh3 42. Rf3 Rhh2 43. Re1 Kg6 44. Rxe6 Rcg2+ 45.
Kf1 Rf2+ 46. Rxf2 Rxf2+ 47. Kxf2 fxe6 48. f7 Kxf7 49. Kf3 Kf6 50. Kf4 h5 51.
Ke4 Kg5 0-1

[Event "1. liga V 24/25, Chotebor-Poruba"]
[Site ""]
[Date "2025.02.16"]
[Round "8.4"]
[White "Neumann, Filip"]
[Black "Jun, Rudolf"]
[Result "1/2-1/2"]
[WhiteFideId "375640"]
[BlackFideId "376612"]
[WhiteElo "2153"]
[BlackElo "2229"]
[PlyCount "0"]
[WhiteTeam "SK Slavoj Poruba B"]
[BlackTeam "TJ CHS Chotebor"]
[EventDate "2024.10.20"]

1. d4 Nf6 2. Nf3 d5 3. Bf4 c6 4. c3 Bf5 5. e3 Qb6 6. Qb3 Nbd7 7. h3 h6 8. Nbd2
e6 9. Be2 Ne4 10. Nxe4 Bxe4 11. O-O Bxf3 12. Bxf3 Qxb3 13. axb3 Nf6 14. Be5
Be7 15. b4 a6 16. Rfe1 O-O 17. Bxf6 Bxf6 18. e4 dxe4 19. Bxe4 Rad8 20. Bf3
Rfe8 21. Rad1 Kf8 22. Kf1 Rd6 23. Rd3 Red8 24. Rde3 Bg5 1/2-1/2

[Event "1. liga V 24/25, Chotebor-Poruba"]
[Site ""]
[Date "2025.02.16"]
[Round "8.5"]
[White "Ondracek, Ondrej"]
[Black "Krajina, Ales"]
[Result "1/2-1/2"]
[WhiteFideId "325708"]
[BlackFideId "302112"]
[WhiteElo "2093"]
[BlackElo "2138"]
[PlyCount "0"]
[WhiteTeam "TJ CHS Chotebor"]
[BlackTeam "SK Slavoj Poruba B"]
[EventDate "2024.10.20"]

1. e4 c6 2. d4 d5 3. exd5 cxd5 4. Bd3 Nc6 5. c3 Nf6 6. Bf4 Bg4 7. Qb3 Qd7 8.
Nd2 e6 9. a4 Be7 10. Ngf3 Bxf3 11. Nxf3 Bd6 12. Bg3 O-O 13. O-O Ne4 14. Bxd6
Qxd6 15. Bxe4 dxe4 16. Nd2 Qd5 17. Rfe1 f5 18. f3 Na5 19. Qd1 1/2-1/2

[Event "1. liga V 24/25, Chotebor-Poruba"]
[Site ""]
[Date "2025.02.16"]
[Round "8.6"]
[White "Vesely, Libor"]
[Black "Tuma, Jiri"]
[Result "1/2-1/2"]
[WhiteFideId "321206"]
[BlackFideId "318337"]
[WhiteElo "2131"]
[BlackElo "2269"]
[PlyCount "0"]
[WhiteTeam "SK Slavoj Poruba B"]
[BlackTeam "TJ CHS Chotebor"]
[EventDate "2024.10.20"]

1. e4 c5 2. Nf3 Nc6 3. Bb5 g6 4. O-O Bg7 5. Bxc6 dxc6 6. d3 Nf6 7. Nc3 Nd7 8.
Be3 e5 9. Qd2 Qe7 10. Bh6 O-O 11. Bxg7 Kxg7 12. Qe3 Rd8 13. Nd2 Nf8 14. f4
exf4 15. Qxf4 Ne6 16. Qf2 Nd4 17. Nb3 Be6 18. Nxd4 cxd4 19. Ne2 c5 20. Nf4 h6
21. Qg3 1/2-1/2

[Event "1. liga V 24/25, Chotebor-Poruba"]
[Site ""]
[Date "2025.02.16"]
[Round "8.7"]
[White "Vala, Filip"]
[Black "Vaclavik, Martin"]
[Result "1/2-1/2"]
[WhiteFideId "325490"]
[BlackFideId "313513"]
[WhiteElo "2115"]
[BlackElo "2081"]
[PlyCount "0"]
[WhiteTeam "TJ CHS Chotebor"]
[BlackTeam "SK Slavoj Poruba B"]
[EventDate "2024.10.20"]

1. d4 d5 2. Nf3 Nf6 3. c4 c6 4. Nc3 e6 5. cxd5 cxd5 6. Bf4 Bd6 7. e3 Bxf4 8.
exf4 O-O 9. Bd3 Nc6 10. O-O Qd6 11. Qd2 a6 12. a3 Na5 13. Ra2 b5 14. Ne5 Nc4
15. Qe2 g6 16. Nb1 Qb6 17. Rd1 Nh5 18. Qf3 Ra7 1/2-1/2

[Event "1. liga V 24/25, Chotebor-Poruba"]
[Site ""]
[Date "2025.02.16"]
[Round "8.8"]
[White "Machacek, Jan"]
[Black "Pejrimovska, Viola Ruby"]
[Result "1-0"]
[WhiteFideId "23717700"]
[BlackFideId "23709529"]
[WhiteElo "2095"]
[BlackElo "1846"]
[PlyCount "0"]
[WhiteTeam "SK Slavoj Poruba B"]
[BlackTeam "TJ CHS Chotebor"]
[EventDate "2024.10.20"]

1. c4 Nf6 2. Nf3 g6 3. g3 Bg7 4. Bg2 O-O 5. O-O d6 6. Nc3 c6 7. d4 Nbd7 8. b3
h6 9. Qd2 Nh7 10. Bb2 f5 11. d5 c5 12. e4 g5 13. exf5 Rxf5 14. Rae1 Ne5 15.
Qe2 Ng6 16. Qc2 Qe8 17. Nd2 Qf7 18. Be4 Nf4 19. gxf4 Rxf4 20. Bxh7+ Kh8 21.
Bg6 Bh3 22. f3 Bd4+ 23. Kh1 Qf6 24. Bh5 Rg8 25. Nce4 Qf5 26. Bxd4+ cxd4 27.
Qd3 Rh4 28. Bg4 Qf4 29. Rf2 h5 30. Qxd4+ 1-0